| 000 | 01288cam a2200349 i 4500 | ||
|---|---|---|---|
| 001 | 15453326 | ||
| 003 | EG-ScBUE | ||
| 005 | 20230716140829.0 | ||
| 008 | 080917s2008 ii a f b 001 0 eng d | ||
| 020 | _a019569239X (pbk.) | ||
| 020 | _a9780195692396 (pbk.) | ||
| 035 | _a(OCoLC)ocn181068351 | ||
| 040 |
_aUKM _beng _erda _cUKM _dBTCTA _dBAKER _dYDXCP _dBWX _dDLC _dEG-ScBUE |
||
| 082 | 0 | 4 |
_a910.285 _222 _bBHA |
| 100 | 1 |
_aBhatta, B. _qBasudeb Bhatta, _eauthor. _94837 |
|
| 245 | 1 | 0 |
_aRemote Sensing and GIS / _cB. Bhatta, course coordinator, CAD Centre, Jadavpur University, Kolkata. |
| 264 | 1 |
_aDelhi ; _aNew York : _bOxford University Press, _c2008. |
|
| 300 |
_axviii, 685 pages : _billustrations (some color) ; _c25 cm. + _e1 CD |
||
| 336 |
_2rdacontent _asounds _bsnd |
||
| 336 |
_2rdacontent _atext _btxt |
||
| 337 |
_2rdamedia _aaudio _bs |
||
| 337 |
_2rdamedia _aunmediated _bn |
||
| 338 |
_2rdacarrier _acomputer disc _bcd |
||
| 338 |
_2rdacarrier _avolume _bnc |
||
| 490 | 0 | _aOxford higher education | |
| 504 | _aIncludes bibliographical references and index. | ||
| 650 | 7 |
_aRemote sensing. _2BUEsh _94838 |
|
| 650 | 7 |
_aGeographic information systems. _2BUEsh _94839 |
|
| 655 | _vReading book | ||
| 942 |
_2ddc _cBB |
||
| 999 |
_c11555 _d11555 |
||